000 00525nam a22001817a 4500
003 CEME
005 20210628210504.0
008 210208b xxu||||| |||| 00| 0 eng d
020 _a1-85091-016-2
040 _c.
082 _a629.892 THE
100 _aMorecki, A Bianchi, G Kedzior, K
_979589
245 _aTheory and practice of robots and manipulators proceedings of romansy 84. The fift cism iftomm symposium
260 _aLONDON
_bKOGAN PAGE
_c1985
300 _a439P
650 _aROBOT
_979590
942 _cBK
_2ddc
999 _c584614
_d584614